00323nam a2200133Ia 45000030006000000080041000060400015000471000038000622450016001002500010001162600034001265460012001600050017001720STCL150530s9999 xx 000 0 und d aSTCLcSTCL aRattingam, T.; Jarvis, W.A.W.; Ed aWinslow boy aFirst bOxford University pressc1966 aEnglish20220125171011.0